| 000 | 00559nam a22001817a 4500 | ||
|---|---|---|---|
| 999 |
_c16312 _d16312 |
||
| 008 | 170217b xxu||||| |||| 00| 0 eng d | ||
| 020 | _a0813815616 | ||
| 040 |
_aKABU _cKABU |
||
| 050 |
_aQA276.12 _b.S64 1989 C.1 |
||
| 100 | _aSnedecor, George W. | ||
| 245 |
_aStatistical methods _cby George W. Snedecor and awilliam G. Cochran |
||
| 250 | _a8th ed. | ||
| 260 |
_aUK _bLowa state university press _c1989 |
||
| 300 | _axix, 503 p. | ||
| 650 | _aStatistics | ||
| 700 | _aCochran, William G. | ||
| 942 |
_2lcc _cBK _e8 th ed. _hQA276.12 _k.S64 1989 C.1 |
||